<?xml version="1.0" encoding="UTF-8"?>
<record
    xmlns:xsi="http://www.w3.org/2001/XMLSchema-instance"
    xsi:schemaLocation="http://www.loc.gov/MARC21/slim http://www.loc.gov/standards/marcxml/schema/MARC21slim.xsd"
    xmlns="http://www.loc.gov/MARC21/slim">

  <leader>02448nam a22001577a 4500</leader>
  <datafield tag="999" ind1=" " ind2=" ">
    <subfield code="c">526963</subfield>
    <subfield code="d">526963</subfield>
  </datafield>
  <controlfield tag="008">240725b           ||||| |||| 00| 0 eng d</controlfield>
  <datafield tag="100" ind1=" " ind2=" ">
    <subfield code="a">Devi, Rama and  Ray, Sawmya </subfield>
    <subfield code="9">55779</subfield>
  </datafield>
  <datafield tag="245" ind1=" " ind2=" ">
    <subfield code="a">We know what is good for her: Hunar, and respectable work for women</subfield>
  </datafield>
  <datafield tag="260" ind1=" " ind2=" ">
    <subfield code="a">Sociological Bulletin  </subfield>
  </datafield>
  <datafield tag="300" ind1=" " ind2=" ">
    <subfield code="a">73(2), Apr, 2024: p.205-223</subfield>
  </datafield>
  <datafield tag="520" ind1=" " ind2=" ">
    <subfield code="a">Education is often conflated with women&#x2019;s empowerment. Access to formal education is considered to possess the potential to usher in the elimination of the imposed dependence of women on men by enhancing their employability and easing their entry into the labour market. This article argues that establishing such simplistic interconnections evades hidden constraints of sociocultural conditions entwined with patriarchal ideologies that influence and even partially prohibit women&#x2019;s access to education vis-a-vis employment, resulting in their marginalistaion in the labour market. Examining the nature of educational access and occupational aspirations, of urban women residing in a Delhi settlement, the article shows that patriarchal ideology impresses and controls the nature and outcome of the education they obtain. In the settlement, while most young girls are pursuing higher education, not everyone is expected to channelise their educational degrees to secure paid employment. Unlike men, women are not encouraged to engage in every form of work as the nature of female occupation is tied to notions of honour and disgrace of the family. Locally prevailing patriarchal norms dictate and define what constitutes respectable work for women. They are permitted to aspire and engage in reputable work.- Reproduced 

https://journals.sagepub.com/doi/full/10.1177/00380229241234083
</subfield>
  </datafield>
  <datafield tag="650" ind1=" " ind2=" ">
    <subfield code="a">Women&#x2014;Education&#x2014;India, Women&#x2014;Employment&#x2014;India, Women&#x2014;Social conditions&#x2014;India, Sex role&#x2014;India, Patriarchy&#x2014;India, Women&#x2014;Delhi (India), Women&#x2014;Urban residence&#x2014;India, Women&#x2014;Vocational guidance&#x2014;India, Women&#x2014;Higher education&#x2014;India, Women&#x2014;Economic conditions&#x2014;India, Women&#x2014;Cultural aspects&#x2014;India, Women&#x2014;Family relationships&#x2014;India, Women&#x2014;Social status&#x2014;India, Women&#x2014;Work and family&#x2014;India, Women&#x2014;Attitudes&#x2014;India, Women&#x2014;Psychology&#x2014;India, Women&#x2014;Identity&#x2014;India, Women&#x2014;Self-perception&#x2014;India, Women&#x2014;Social norms&#x2014;India, Women&#x2014;Respectability&#x2014;India</subfield>
    <subfield code="9">55780</subfield>
  </datafield>
  <datafield tag="773" ind1=" " ind2=" ">
    <subfield code="a">Sociological Bulletin  </subfield>
  </datafield>
  <datafield tag="906" ind1=" " ind2=" ">
    <subfield code="a">WOMEN</subfield>
  </datafield>
  <datafield tag="942" ind1=" " ind2=" ">
    <subfield code="c">AR</subfield>
  </datafield>
  <datafield tag="952" ind1=" " ind2=" ">
    <subfield code="0">0</subfield>
    <subfield code="1">0</subfield>
    <subfield code="2">ddc</subfield>
    <subfield code="4">0</subfield>
    <subfield code="7">0</subfield>
    <subfield code="9">402059</subfield>
    <subfield code="a">IIPA</subfield>
    <subfield code="b">IIPA</subfield>
    <subfield code="d">2024-07-25</subfield>
    <subfield code="h">73(2), Apr, 2024: p.205-223</subfield>
    <subfield code="p">AR132453</subfield>
    <subfield code="r">2024-07-25</subfield>
    <subfield code="y">AR</subfield>
  </datafield>
</record>
